Welcome to CU Library Online Public Access Catalogue (OPAC)

Public finance / (Record no. 2979)

MARC details
000 -LEADER
fixed length control field 00568cam a2200205 a 4500
001 - CONTROL NUMBER
control field 3559670
005 - DATE AND TIME OF LATEST TRANSACTION
control field 20250124105554.0
008 - FIXED-LENGTH DATA ELEMENTS--GENERAL INFORMATION
fixed length control field 980218s1999 maua b 001 0 eng
020 ## - INTERNATIONAL STANDARD BOOK NUMBER
International Standard Book Number 025617329X
020 ## - INTERNATIONAL STANDARD BOOK NUMBER
International Standard Book Number 9780256173291
050 00 - LIBRARY OF CONGRESS CALL NUMBER
Classification number HJ257.2
Item number .R67 1999
082 00 - DEWEY DECIMAL CLASSIFICATION NUMBER
Classification number 336.73
Edition information 21
100 1# - MAIN ENTRY--PERSONAL NAME
Personal name Rosen, Harvey S.
245 10 - TITLE STATEMENT
Title Public finance /
Statement of responsibility, etc. Harvey S. Rosen.
250 ## - EDITION STATEMENT
Edition statement 5th ed.
260 ## - PUBLICATION, DISTRIBUTION, ETC.
Place of publication, distribution, etc. Boston :
Name of publisher, distributor, etc. Irwin/McGraw-Hill,
Date of publication, distribution, etc. c1999.
300 ## - PHYSICAL DESCRIPTION
Extent xxxii, 573 p. :
Other physical details ill. ;
Dimensions 25 cm.
650 #0 - SUBJECT ADDED ENTRY--TOPICAL TERM
Topical term or geographic name entry element Finance, Public
Geographic subdivision United States.
942 ## - ADDED ENTRY ELEMENTS (KOHA)
Source of classification or shelving scheme Library of Congress Classification
Koha item type Books
Edition 5th Ed.
Suppress in OPAC No
999 ## -
-- 2979
-- 2979
Holdings
Withdrawn status Lost status Source of classification or shelving scheme Damaged status Not for loan Collection Home library Current library Shelving location Date acquired Total checkouts Full call number Barcode Date last seen Copy number Price effective from Koha item type
    Library of Congress Classification     Non-fiction Business Library (Miotso) Business Library (Miotso) General stacks 01/22/2025   HJ257.2 .R67 1999 BSSM00000601 01/24/2025 1 01/22/2025 Books
    Library of Congress Classification     Non-fiction Business Library (Miotso) Business Library (Miotso) General stacks 01/22/2025   HJ257.2 .R67 1999 BSSM00000602 01/24/2025 2 01/22/2025 Books
© 2023-2024 Copyright: Central University Libraries. All Rights Reserved | Created by: Mahone Tech Office